00988nam a22002657a 45000010005000000030006000050050017000110080041000280200018000690400029000870500015001160820011001311000026001422450142001682500035003102600039003453000048003844900027004325050009004595200135004685210030006035210020006336500036006537000033006894738FISKH20240927163910.0240926b cb ||||| |||| 00| 0 eng d a9780439791939 aFISKHbengcFISKHdFISKH aGB5014.L44 a030.02 aLee, Celestedauthor aDeadly Disasters :cCompiled by Celeste Lee & Ryan Herndon bDeadly Disasters: Catastrophic Records in History (Guinness World Records) / aFirst printing , February 2006 aNew York : bScholastic ;c2006 .  a90 pages : bcolor illustration ;c20 cm .  aGuinness World Records aR  a"Selected from the archives of Guinness World Records, this riveting book chronicles the world's deadliest disasters."--Back cover8 a780 bLexile estimate 8 aR bRaz-Plus  anatural disastersvnon-fiction  aHerndon, Ryan eillustrator